000 00330nam a22001457a 4500
008 221118b ||||| |||| 00| 0 eng d
020 _a9780312067465
041 _aeng
080 _2SECOND EDITION
_a575
082 _a575 CRI
100 _a13
101 _aBIO
245 _aCASES IN BIOETHICS
_cCRIGGER J B
942 _2udc
_cBK
999 _c58948
_d58948